书目信息 |
| 题名: |
皮革商品学
|
|
| 作者: | 但卫华 主编 | |
| 分册: | ||
| 出版信息: | 北京 中国轻工业出版社 2012 |
|
| 页数: | 224页 | |
| 开本: | 26cm | |
| 丛书名: | ||
| 单 册: | ||
| 中图分类: | F768.4 , F76 | |
| 科图分类: | ||
| 主题词: | 皮革制品--商品学--高等学校--教材 | |
| 电子资源: | ||
| ISBN: | 978-7-5019-8447-3 | |
| 000 | 00957nam0 2200265 450 | |
| 001 | 2349548590 | |
| 005 | 20231217134612.39 | |
| 010 | @a978-7-5019-8447-3@d40.00CNY | |
| 100 | @a20120308d2012 em y0chiy0120 ea | |
| 101 | 0 | @achi |
| 102 | @aCN@b110000 | |
| 105 | @aa z 000yy | |
| 200 | 1 | @a皮革商品学@Api ge shang pin xue@b专著@f但卫华主编 |
| 210 | @a北京@c中国轻工业出版社@d2012 | |
| 215 | @a224页@c图@d26cm | |
| 300 | @a教育部高等学校轻工与食品学科教学指导委员会推荐教材 | |
| 312 | @a封面英文题名:Commodity science of leather and leather goods | |
| 330 | @a本书共分8章,内容包括绪论,制革原料皮,制裘原料皮,皮革,毛皮,皮革制品,毛皮制品,皮革、毛皮及其制品的新产品开发。 | |
| 510 | 1 | @aCommodity science of leather and leather goods@zeng |
| 606 | 0 | @a皮革制品@x商品学@x高等学校@j教材 |
| 690 | @aF768.4@v5 | |
| 690 | @aF76@v4 | |
| 701 | 0 | @a但卫华@Adan wei hua@f(1956 )@4主编 |
| 801 | 2 | @aCN@b辽宁北配@c20231205 |
| 905 | @aBZT@dF76@e21 | |
| 皮革商品学/但卫华主编.-北京:中国轻工业出版社,2012 |
| 224页:图;26cm |
| 教育部高等学校轻工与食品学科教学指导委员会推荐教材 |
| ISBN 978-7-5019-8447-3:40.00CNY |
| 本书共分8章,内容包括绪论,制革原料皮,制裘原料皮,皮革,毛皮,皮革制品,毛皮制品,皮革、毛皮及其制品的新产品开发。 |
| ● |
| 相关链接 |
|
|
|
正题名:皮革商品学
索取号:F76/21
 
预约/预借
| 序号 | 登录号 | 条形码 | 馆藏地/架位号 | 状态 | 备注 |
| 1 | 2001608557 | 2001608557 | 辽三/辽宁北配(第三批)/2336/ [索取号:F76/21] | 在馆 | |
| 2 | 2001608558 | 2001608558 | 辽三/辽宁北配(第三批)/2336/ [索取号:F76/21] | 在馆 | |
| 3 | 2001608559 | 2001608559 | 辽三/辽宁北配(第三批)/2336/ [索取号:F76/21] | 在馆 | |
| 4 | 2001608560 | 2001608560 | 辽三/辽宁北配(第三批)/2336/ [索取号:F76/21] | 在馆 | |
| 5 | 2001608561 | 2001608561 | 辽三/辽宁北配(第三批)/2336/ [索取号:F76/21] | 在馆 | |
| 6 | 2001608562 | 2001608562 | 辽三/辽宁北配(第三批)/2336/ [索取号:F76/21] | 在馆 | |
| 7 | 2001608563 | 2001608563 | 辽三/辽宁北配(第三批)/2336/ [索取号:F76/21] | 在馆 | |
| 8 | 2001608564 | 2001608564 | 辽三/辽宁北配(第三批)/2336/ [索取号:F76/21] | 在馆 | |
| 9 | 2001608565 | 2001608565 | 辽三/辽宁北配(第三批)/2336/ [索取号:F76/21] | 在馆 | |
| 10 | 2001608566 | 2001608566 | 辽三/辽宁北配(第三批)/2336/ [索取号:F76/21] | 在馆 | |
| 11 | 2001608567 | 2001608567 | 辽三/辽宁北配(第三批)/2336/ [索取号:F76/21] | 在馆 | |
| 12 | 2001608568 | 2001608568 | 辽三/辽宁北配(第三批)/2336/ [索取号:F76/21] | 在馆 | |
| 13 | 2001608569 | 2001608569 | 辽三/辽宁北配(第三批)/2336/ [索取号:F76/21] | 在馆 | |
| 14 | 2001608570 | 2001608570 | 辽三/辽宁北配(第三批)/2336/ [索取号:F76/21] | 在馆 | |
| 15 | 2001608571 | 2001608571 | 辽三/辽宁北配(第三批)/2336/ [索取号:F76/21] | 在馆 | |
| 16 | 2001608572 | 2001608572 | 辽三/辽宁北配(第三批)/2336/ [索取号:F76/21] | 在馆 | |
| 17 | 2001608573 | 2001608573 | 辽三/辽宁北配(第三批)/2336/ [索取号:F76/21] | 在馆 | |
| 18 | 2001608574 | 2001608574 | 辽三/辽宁北配(第三批)/2336/ [索取号:F76/21] | 在馆 | |
| 19 | 2001608575 | 2001608575 | 辽三/辽宁北配(第三批)/2336/ [索取号:F76/21] | 在馆 | |
| 20 | 2001608576 | 2001608576 | 辽三/辽宁北配(第三批)/2336/ [索取号:F76/21] | 在馆 | |
| 21 | 2001608577 | 2001608577 | 辽三/辽宁北配(第三批)/2336/ [索取号:F76/21] | 在馆 | |
| 22 | 2001608578 | 2001608578 | 辽三/辽宁北配(第三批)/2336/ [索取号:F76/21] | 在馆 | |
| 23 | 2001608579 | 2001608579 | 辽三/辽宁北配(第三批)/2336/ [索取号:F76/21] | 在馆 | |
| 24 | 2001608580 | 2001608580 | 辽三/辽宁北配(第三批)/2336/ [索取号:F76/21] | 在馆 | |
| 25 | 2001608581 | 2001608581 | 辽三/辽宁北配(第三批)/2336/ [索取号:F76/21] | 在馆 | |
| 26 | 2001608582 | 2001608582 | 辽三/辽宁北配(第三批)/2336/ [索取号:F76/21] | 在馆 | |
| 27 | 2001608583 | 2001608583 | 辽三/辽宁北配(第三批)/2336/ [索取号:F76/21] | 在馆 | |
| 28 | 2001608584 | 2001608584 | 辽三/辽宁北配(第三批)/2336/ [索取号:F76/21] | 在馆 | |
| 29 | 2001608585 | 2001608585 | 辽三/辽宁北配(第三批)/2336/ [索取号:F76/21] | 在馆 | |
| 30 | 2001608586 | 2001608586 | 辽三/辽宁北配(第三批)/2336/ [索取号:F76/21] | 在馆 |